书目信息 |
| 题名: |
中华人民共和国未成年人保护法
|
|
| 作者: | 法律出版社 | |
| 分册: | ||
| 出版信息: | 北京 法律出版社 2000.01 |
|
| 页数: | 13页 | |
| 开本: | 32开 | |
| 丛书名: | ||
| 单 册: | ||
| 中图分类: | D922.183 | |
| 科图分类: | ||
| 主题词: | 法律--中国 | |
| 电子资源: | ||
| ISBN: | 7-5036-2467-1 | |
| 000 | 00590nam0 2200193 45 | |
| 001 | 0010051764 | |
| 005 | 20220520103902.08 | |
| 010 | @a7-5036-2467-1@d2.00元 | |
| 100 | @a20001005d2000 km y0chiy0120 ea | |
| 101 | 0 | @achi |
| 105 | @a z 000yy | |
| 200 | 1 | @a中华人民共和国未成年人保护法@AZhong Hua Ren Min Gong He Guo Wei Cheng Nian Ren BaoHu Fa@f法律出版社@FFaLu Chu Ban She |
| 210 | @a北京@c法律出版社@d2000.01 | |
| 215 | @a13页@d32开 | |
| 606 | 0 | @a法律@x中国 |
| 690 | @aD922.183@v3 | |
| 701 | 0 | @a法律出版社 |
| 801 | @aCN@bPftUser@c20001005 | |
| 905 | @dD922.183@eZH706@b190835-837@f3 | |
| 中华人民共和国未成年人保护法/法律出版社.-北京:法律出版社,2000.01 |
| 13页;32开 |
| ISBN 7-5036-2467-1:2.00元 |
| ● |
| 相关链接 |
|
|
|
正题名:中华人民共和国未成年人保护法
索取号:D922.183/ZH706
 
预约/预借
| 序号 | 登录号 | 条形码 | 馆藏地/架位号 | 状态 | 备注 |
| 1 | 190835 | 201908356 | 社科库509/509社科库 86排4列3层/ [索取号:D922.183/ZH:706] | 在馆 | |
| 2 | 190837 | 201908374 | 社科库509/509社科库 86排4列3层/ [索取号:D922.183/ZH:706] | 在馆 |